|
|
|
|
| LEADER |
00000nab#a22000007a#4500 |
| 001 |
arbauad014859 |
| 003 |
AR-BaUAD |
| 005 |
20250711111412.0 |
| 008 |
951031|||||||||###||||||b###|0###a|spa|| |
| 040 |
|
|
|a AR-BaUAD
|c AR-BaUAD
|b spa
|
| 245 |
1 |
0 |
|a Save the world
|
| 300 |
0 |
|
|b fot.
|
| 500 |
|
|
|a Exposición de 84 artistas y diseñadores de todo el mundo.
|
| 653 |
|
|
|a DISEÑO GRAFICO
|
| 653 |
|
|
|a AFICHES
|
| 653 |
|
|
|a MEDIO AMBIENTE
|
| 653 |
|
|
|a EXPOSICIONES
|
| 653 |
|
|
|a NUEVA YORK
|
| 653 |
|
|
|a CHWAST, SEYMOUR
|
| 653 |
|
|
|a MORLA, JENNIFER
|
| 653 |
|
|
|a RAND, PAUL
|
| 653 |
|
|
|a GLASER, MILTON
|
| 653 |
|
|
|a CHERMAYEFF, IVAN
|
| 773 |
0 |
|
|t HOW
|g [ago. 1995], p. 112-117
|
| 942 |
|
|
|c ARTI
|
| 952 |
|
|
|0 0
|1 0
|4 0
|7 0
|9 59779
|a AR-BAuAD
|b AR-BAuAD
|d 2025-07-11
|l 0
|p AAQA014859
|r 2025-07-11 11:14:12
|w 2025-07-11
|y ARTI
|
| 990 |
|
|
|a DG198
|b TD
|
| 998 |
|
|
|a AAQ
|b BIBUN76
|
| 999 |
|
|
|c 39452
|d 39452
|